1998 New York Yankees Roster - Statistics

General Stats
  • This quiz has been taken 4,009 times
  • The average score is 12 of 24
Answer Stats
Position Player % Correct
SS Derek Jeter
99%
C Jorge Posada
90%
CL Mariano Rivera
87%
CF Bernie Williams
81%
Manager Joe Torre
81%
SP Andy Pettitte
76%
1B Tino Martinez
69%
RF Paul O'Neill
67%
SP David Cone
58%
2B Chuck Knoblauch
57%
SP David Wells
56%
3B Scott Brosius
55%
C Joe Girardi
48%
DH Darryl Strawberry
36%
SP Orlando Hernandez
33%
RP Jeff Nelson
28%
RP Mike Stanton
26%
DH Chili Davis
25%
LF Chad Curtis
24%
IF Luis Sojo
21%
RP Ramiro Mendoza
21%
OF Ricky Ledee
20%
SP Hideki Irabu
18%
UT Tim Raines
18%
No matching quizzes found
Score Distribution
Percent of People with Each Score
Percentile by Number Answered
Your Score History
You have not taken this quiz